Central Library OPAC University of Rajshahi

American government : (Record no. 27416)

MARC details
000 -LEADER
fixed length control field 01018cam a22002771 4500
001 - CONTROL NUMBER
control field 27416
003 - CONTROL NUMBER IDENTIFIER
rucl marc code BD-RjUL
005 - DATE AND TIME OF LATEST TRANSACTION
control field 20211209051143.0
008 - FIXED-LENGTH DATA ELEMENTS--GENERAL INFORMATION
fixed length control field 140325r1953 nyua bf 001 0 eng
035 ## - SYSTEM CONTROL NUMBER
System control number (BD-RjUL)27490
System control number (OCoLC)498667
040 ## - CATALOGING SOURCE
Original cataloging agency DLC
Transcribing agency ODaWU
Modifying agency OCoLC
-- DLC
-- BD-RjUL
Language of cataloging eng
041 ## - LANGUAGE CODE
Language code of text/sound track or separate title eng
082 ## - DEWEY DECIMAL CLASSIFICATION NUMBER
Classification number 342.73
Author mark and year JOA 1953
100 1# - MAIN ENTRY--PERSONAL NAME
Personal name Johnson, Claudius Osborne.
Dates associated with a name 1894-
9 (RLIN) 14731
245 10 - TITLE STATEMENT
Title American government :
Remainder of title National, State, and local /
Statement of responsibility, etc. Claudius Osborne Johnson.
260 ## - PUBLICATION, DISTRIBUTION, ETC. (IMPRINT)
Place of publication, distribution, etc. New York :
Name of publisher, distributor, etc. Crowell,
Date of publication, distribution, etc. 1951 [Reprint 1953].
300 ## - PHYSICAL DESCRIPTION
Pagination xx, 1068 p. :
Illustrations diagrs. ;
Size 24 cm.
500 ## - GENERAL NOTE
General note "[A rearrangement of] the material in [the author's] ... Government in the United States, fifth edition."
504 ## - BIBLIOGRAPHY, ETC. NOTE
Bibliography, etc Includes bibliographies & Index.
651 #0 - SUBJECT ADDED ENTRY--GEOGRAPHIC NAME
Geographic name United States
General subdivision Politics and government
Form subdivision Handbooks, manuals, etc.
9 (RLIN) 13587
Geographic name United States
General subdivision Politics and government
Chronological subdivision 1933-1945.
9 (RLIN) 8815
942 ## - ADDED ENTRY ELEMENTS (KOHA)
Source of classification or shelving scheme Dewey Decimal Classification
Koha item type Books
Holdings
Lost status Source of classification or shelving scheme Damaged status Not for loan Collection code Permanent Location Current Location Shelving location Date acquired Source of acquisition Cost, normal purchase price Total Checkouts Full call number Date last seen Copy number Koha item type
  Dewey Decimal Classification   Added to bundle Non-fiction Central Library, University of Rajshahi Central Library, University of Rajshahi Reading Room 20/06/1957 Asia Fundation Gift 0.00   342.73 JOA 1953 25/03/2014 C-1 Books
  Dewey Decimal Classification     Non-fiction Central Library, University of Rajshahi Central Library, University of Rajshahi   11/02/1958 U. S. I. S.     342.73 JOA 1951 29/03/2014 C-2 Books